[Event "DVM U14 2012"]
[Site "Magdeburg GER"]
[Date "2012.12.27"]
[Round "2"]
[White "Kandler, Pascal"]
[Black "Wanner, Lukas"]
[Result "0-1"]
[Termination "normal"]
[Board "7.2"]
[WhiteElo "1549"]
[BlackElo "1751"]
[WhiteTeam "Gütersloher SV"]
[BlackTeam "SK Doppelbauer Kiel"]
[WhiteFideId "12964964"]
[BlackFideId "12918148"]
[EventCountry "GER"]
[EventRounds "7"]
[EventType "team-swiss"]
[EventDate "2012.12.26"]

1. e4 c5 2. Nf3 d6 3. d4 cxd4 4. Nxd4 Nf6 5. Nc3 g6 6. f3 Bg7 7. Be3 O-O 8. Qd2
Nc6 9. O-O-O d5 10. Nxc6 bxc6 11. exd5 Nxd5 12. Nxd5 cxd5 13. Qxd5 Qc7 14. Qc4
Qb7 15. Qb3 Qc7 16. Qc4 Qe5 17. Qd4 Qb8 18. Qd3 Qxb2+ 19. Kd2 Bf5 20. Qb3 Rfd8+
21. Ke2 Qxc2+ 22. Qxc2 Bxc2 23. Rc1 Bd3+ 24. Kf2 Bxf1 25. Rhxf1 Bd4 26. Rc7 Bb6
27. Rc2 Rac8 28. Rb2 Bd4 29. Bxd4 Rxd4 30. Rfb1 Rdc4 31. Kg3 Rc2 32. h3 e6 33.
Kf4 Kg7 34. Ke4 R8c4+ 35. Kd3 R4c3+ 36. Ke4 a5 37. g3 a4 38. h4 a3 39. Rb3 Rxb3
40. Rxb3 Rxa2 41. Kf4 Ra1 42. Rb5 a2 43. Ra5 e5+ 0-1

[Event "DVM U14 2012"]
[Site "Magdeburg GER"]
[Date "2012.12.27"]
[Round "2"]
[White "Wiemann, Niklas"]
[Black "Pfaffenrot, Daniel"]
[Result "1/2-1/2"]
[Termination "normal"]
[Board "7.3"]
[WhiteElo "1452"]
[BlackElo "1472"]
[WhiteTeam "SK Doppelbauer Kiel"]
[BlackTeam "Gütersloher SV"]
[WhiteFideId "12964832"]
[BlackFideId "12964972"]
[EventCountry "GER"]
[EventRounds "7"]
[EventType "team-swiss"]
[EventDate "2012.12.26"]

1. d4 d5 2. g3 Nf6 3. Bg2 e6 4. Bg5 Be7 5. e3 h6 6. Bxf6 Bxf6 7. c4 O-O 8. cxd5
exd5 9. Nc3 Be6 10. Nge2 c6 11. O-O Nd7 12. Rc1 Nb6 13. Na4 Nc4 14. b3 Nd6 15.
Nf4 Bf5 16. Re1 Re8 17. Nc5 Rb8 18. g4 Bh7 19. a4 Bg5 20. Nfd3 Bf6 21. f4 Qc8
22. Ne5 Bxe5 23. dxe5 Ne4 24. h3 Nxc5 25. Rxc5 Qe6 26. Qd4 Rbd8 27. Rc3 b6 28.
f5 Qxe5 29. Qxe5 Rxe5 30. Rxc6 d4 31. e4 g6 32. Rec1 gxf5 33. gxf5 Kg7 34. Rc8
Rxc8 35. Rxc8 Rc5 36. Rd8 Rc3 37. Rxd4 Rxb3 38. Rd7 a5 39. Bf1 Rb4 40. f6+ Kxf6
41. Rd6+ Kg7 42. e5 Rxa4 43. Rxb6 Bf5 44. Ra6 Be6 45. h4 Bc4 46. Ra7 Bxf1 47.
Kxf1 Rxh4 48. e6 Re4 49. Rxf7+ Kg6 50. Ra7 Rxe6 51. Rxa5 Rf6+ 52. Kg2 h5 53.
Ra8 Kg5 54. Kg3 h4+ 55. Kh3 Rf3+ 56. Kg2 Rg3+ 57. Kh2 Kf4 58. Rf8+ Kg4 59. Rg8+
Kf4 60. Rf8+ Kg4 1/2-1/2

[Event "DVM U14 2012"]
[Site "Magdeburg GER"]
[Date "2012.12.27"]
[Round "2"]
[White "Andes, Otto"]
[Black "Petersen, Finn Christopher"]
[Result "0-1"]
[Termination "normal"]
[Board "7.4"]
[WhiteElo "1364"]
[BlackElo "1507"]
[WhiteTeam "Gütersloher SV"]
[BlackTeam "SK Doppelbauer Kiel"]
[WhiteFideId "12964980"]
[BlackFideId "12964840"]
[EventCountry "GER"]
[EventRounds "7"]
[EventType "team-swiss"]
[EventDate "2012.12.26"]

1. e4 e5 2. Nf3 Nc6 3. Bc4 Nf6 4. Ng5 d5 5. exd5 Na5 6. d3 h6 7. Nf3 e4 8. Nd4
Nxd5 9. Bxd5 Qxd5 10. dxe4 Qxe4+ 11. Qe2 Qxe2+ 12. Kxe2 Bd6 13. Nb5 O-O 14. Re1
Re8+ 15. Kf1 Bd7 16. Rxe8+ Rxe8 17. N1c3 Bxh2 18. g3 Bh3# 0-1

[Event "DVM U14 2012"]
[Site "Magdeburg GER"]
[Date "2012.12.27"]
[Round "2"]
[White "Berezhnoy, Alex"]
[Black "Ridder, David"]
[Result "1/2-1/2"]
[Termination "normal"]
[Board "8.1"]
[WhiteElo "1598"]
[BlackElo "1582"]
[WhiteTeam "VSF 1975 Düsseldorf-Süd"]
[BlackTeam "SG Turm Raesfeld/Erle"]
[WhiteFideId "12918997"]
[BlackFideId "12964867"]
[EventCountry "GER"]
[EventRounds "7"]
[EventType "team-swiss"]
[EventDate "2012.12.26"]

1. e4 e5 2. Nf3 Nc6 3. Bb5 Bc5 4. O-O Qf6 5. Nc3 Nge7 6. d3 h6 7. Na4 Bb6 8.
Nxb6 axb6 9. Be3 O-O 10. c3 d6 11. h3 Ng6 12. d4 Nf4 13. Bxf4 Qxf4 14. Re1 Ra5
15. a4 Ne7 16. Qd2 c6 17. b4 Ra8 18. Bd3 Ng6 19. Bc2 Qf6 20. Rad1 Nf4 21. Qe3
Bxh3 22. dxe5 dxe5 23. Nxe5 Qxe5 24. gxh3 Rad8 25. Qf3 Qg5+ 26. Kh2 Rfe8 27.
Rxd8 Rxd8 28. Rd1 Rxd1 29. Bxd1 Qe5 30. Kh1 f5 31. exf5 Qxf5 32. Kh2 h5 33. Qe3
h4 34. Qe8+ Kh7 35. Qe3 Qg5 36. Bc2+ g6 37. Qf3 Qe5 38. Qe4 Qxe4 39. Bxe4 Kg7
40. b5 Kf6 41. bxc6 bxc6 42. Bxc6 Ke5 43. Bb5 Kd6 44. f3 Kc5 45. Ba6 g5 46. Bb5
Kd6 47. c4 Kc5 1/2-1/2

[Event "DVM U14 2012"]
[Site "Magdeburg GER"]
[Date "2012.12.27"]
[Round "2"]
[White "Schmitz, Fabian"]
[Black "Hoffmann, Fabian"]
[Result "1/2-1/2"]
[Termination "normal"]
[Board "8.3"]
[WhiteElo "1420"]
[BlackElo "1633"]
[WhiteTeam "VSF 1975 Düsseldorf-Süd"]
[BlackTeam "SG Turm Raesfeld/Erle"]
[WhiteFideId "12965006"]
[BlackFideId "12964891"]
[EventCountry "GER"]
[EventRounds "7"]
[EventType "team-swiss"]
[EventDate "2012.12.26"]

1. e4 e5 2. Nf3 Nc6 3. Bb5 a6 4. Ba4 b5 5. Bb3 Bb7 6. d3 Nf6 7. Ng5 d5 8. exd5
Nd4 9. O-O Nxb3 10. axb3 Qxd5 11. Nf3 Rd8 12. Nc3 Qc6 13. Re1 e4 14. Nxe4 Nxe4
15. Qe2 Be7 16. Qxe4 Qxe4 17. dxe4 O-O 18. Bf4 c5 19. Ne5 Bf6 20. Nd3 Bd4 21.
c3 Bxc3 22. Nxc5 Bxe1 23. Nxb7 Bxf2+ 24. Kxf2 Rc8 25. Rxa6 Rc2+ 26. Kf3 Rxb2
27. Nc5 Rc2 28. Be3 Rb8 29. Rd6 h6 30. Na6 Rbc8 31. Nc5 R2xc5 32. Bxc5 Rxc5 33.
Rd3 b4 34. Ke3 Kf8 35. Kd2 Ke7 36. Rd4 Rb5 37. Ke3 Ke6 38. Kf4 f6 39. g3 h5 40.
h3 g5+ 41. Ke3 Ke5 42. Kd3 1/2-1/2

[Event "DVM U14 2012"]
[Site "Magdeburg GER"]
[Date "2012.12.27"]
[Round "2"]
[White "Tünte, Hendrik"]
[Black "Gula, Julian"]
[Result "1-0"]
[Termination "normal"]
[Board "8.4"]
[WhiteElo "1347"]
[BlackElo "1372"]
[WhiteTeam "SG Turm Raesfeld/Erle"]
[BlackTeam "VSF 1975 Düsseldorf-Süd"]
[WhiteFideId "12964883"]
[BlackFideId "12954799"]
[EventCountry "GER"]
[EventRounds "7"]
[EventType "team-swiss"]
[EventDate "2012.12.26"]

1. e4 c5 2. Nf3 g6 3. d4 Bg7 4. Nc3 cxd4 5. Nxd4 a6 6. Be3 d6 7. Bc4 Nf6 8. Qd2
O-O 9. O-O Qc7 10. Bb3 Nc6 11. Nd5 Nxd5 12. exd5 Na5 13. Rab1 Nxb3 14. axb3 Bd7
15. c3 Rfe8 16. Rfd1 Rac8 17. Rbc1 Qb8 18. h3 b6 19. Qe2 Qb7 20. Nf3 Ra8 21.
Bd4 Bh6 22. Be3 Bg7 23. Bd4 b5 24. Bxg7 Kxg7 25. b4 Qb6 26. Qe3 Qxe3 27. fxe3
Rab8 28. Ra1 Rb6 29. Rd4 Rc8 30. e4 e5 31. dxe6 fxe6 32. Rad1 Rcc6 33. Ne5 dxe5
34. Rxd7+ Kh6 35. Kf2 Rb8 36. Rf7 Re8 37. Rdd7 Rh8 38. g4 Rcc8 39. Ke3 Rc6 40.
h4 Rcc8 41. Kf3 Rcf8 42. g5+ Kh5 43. Kg3 Rxf7 44. Rxf7 h6 45. gxh6 Rxh6 46. Rf6
g5 47. Rxh6+ Kxh6 48. hxg5+ Kxg5 49. b3 Kf6 50. c4 Ke7 51. Kg4 Kf7 52. c5 Ke7
53. Kg5 Kf7 54. Kh6 Ke7 55. Kg6 Ke8 56. Kf6 Kd7 57. Kf7 1-0

[Event "DVM U14 2012"]
[Site "Magdeburg GER"]
[Date "2012.12.27"]
[Round "2"]
[White "Maurer, Noah"]
[Black "Oberhofer, Cédric"]
[Result "0-1"]
[Termination "normal"]
[Board "9.1"]
[WhiteElo "1649"]
[BlackElo "1849"]
[WhiteTeam "SG Königskinder Hohentübingen"]
[BlackTeam "SC Bavaria Regensburg 1881"]
[WhiteFideId "12920673"]
[BlackFideId "12941220"]
[EventCountry "GER"]
[EventRounds "7"]
[EventType "team-swiss"]
[EventDate "2012.12.26"]

1. e4 c5 2. Nf3 d6 3. d4 cxd4 4. Nxd4 Nf6 5. Nc3 a6 6. Be2 e6 7. Be3 Be7 8. Qd2
Qc7 9. f3 b5 10. a3 Bb7 11. O-O-O Nbd7 12. g4 Nb6 13. g5 Nfd7 14. Ndxb5 axb5
15. Nxb5 Qc6 16. Nxd6+ Bxd6 17. Bxb6 Nxb6 18. Qxd6 Rc8 19. Rd2 Qxd6 20. Rxd6
Nc4 21. Bxc4 Rxc4 22. Rhd1 O-O 23. Rd7 Ba6 24. b3 Rc5 25. f4 Be2 26. R1d2 Bf3
27. e5 g6 28. c4 Kg7 29. Kc2 Ra8 30. Kb2 Rca5 31. Rc7 Rxa3 32. Rdd7 Ra2+ 33.
Kb1 Be4+ 34. Kc1 Rc2+ 0-1

[Event "DVM U14 2012"]
[Site "Magdeburg GER"]
[Date "2012.12.27"]
[Round "2"]
[White "Dechant, Georg"]
[Black "Shankar, Ajay"]
[Result "1-0"]
[Termination "normal"]
[Board "9.2"]
[WhiteElo "1704"]
[BlackElo "1562"]
[WhiteTeam "SC Bavaria Regensburg 1881"]
[BlackTeam "SG Königskinder Hohentübingen"]
[WhiteFideId "12956716"]
[BlackFideId "12938394"]
[EventCountry "GER"]
[EventRounds "7"]
[EventType "team-swiss"]
[EventDate "2012.12.26"]

1. e4 c5 2. Nf3 Nc6 3. d4 cxd4 4. Nxd4 g6 5. Nc3 Bg7 6. Be3 d6 7. Qd2 a6 8.
O-O-O Bd7 9. h4 h5 10. Nd5 Nf6 11. Nxc6 Bxc6 12. Bb6 Bh6 13. f4 Nxd5 14. Bxd8
Bxf4 15. exd5 Bxd2+ 16. Rxd2 Bxd5 17. Bxe7 Kxe7 18. Rxd5 Rac8 19. Bd3 Rc6 20.
Re1+ Kf6 21. Rd4 Rd8 22. Rf4+ Kg7 23. Re7 b5 24. Rfxf7+ 1-0

[Event "DVM U14 2012"]
[Site "Magdeburg GER"]
[Date "2012.12.27"]
[Round "2"]
[White "Hurm, Marius"]
[Black "Oberhofer, Marie"]
[Result "0-1"]
[Termination "normal"]
[Board "9.3"]
[WhiteElo "1400"]
[BlackElo "1426"]
[WhiteTeam "SG Königskinder Hohentübingen"]
[BlackTeam "SC Bavaria Regensburg 1881"]
[WhiteFideId "12951552"]
[BlackFideId "12938165"]
[EventCountry "GER"]
[EventRounds "7"]
[EventType "team-swiss"]
[EventDate "2012.12.26"]

1. e4 c5 2. Nf3 d6 3. d4 cxd4 4. Nxd4 Nf6 5. Nc3 g6 6. Be3 Bg7 7. Be2 O-O 8.
O-O Nc6 9. a3 Bd7 10. Rb1 Rc8 11. f4 a6 12. Kh1 Nxd4 13. Bxd4 Bc6 14. Bf3 Qc7
15. e5 dxe5 16. Bxe5 Qd8 17. Qxd8 Rfxd8 18. Bxc6 Rxc6 19. Rfd1 Rcc8 20. h3 h5
21. Rxd8+ Rxd8 22. Rd1 Rxd1+ 23. Nxd1 Ne4 24. Bxg7 Kxg7 25. Kh2 h4 26. Ne3 Kf6
27. Nd5+ Ke6 28. Ne3 Kd6 29. Nc4+ Kd5 30. Ne5 Ke6 31. Nf3 Kf5 32. Nxh4+ Kxf4
33. g3+ Nxg3 34. Ng2+ Kf3 35. Ne1+ Ke2 36. Kxg3 Kxe1 37. c4 Kd2 38. c5 Kc2 39.
Kf4 Kxb2 40. Kg5 e5 41. h4 Kxa3 42. Kf6 e4 0-1

[Event "DVM U14 2012"]
[Site "Magdeburg GER"]
[Date "2012.12.27"]
[Round "2"]
[White "Brüll, Elias"]
[Black "Sänger, Julius"]
[Result "1/2-1/2"]
[Termination "normal"]
[Board "9.4"]
[WhiteElo "1316"]
[BlackElo "1029"]
[WhiteTeam "SC Bavaria Regensburg 1881"]
[BlackTeam "SG Königskinder Hohentübingen"]
[WhiteFideId "12964921"]
[BlackFideId "12920703"]
[EventCountry "GER"]
[EventRounds "7"]
[EventType "team-swiss"]
[EventDate "2012.12.26"]

1. e4 e5 2. Nf3 Nc6 3. Bb5 Bc5 4. O-O Nf6 5. Re1 O-O 6. c3 a6 7. Ba4 Re8 8. Bc2
d6 9. d4 exd4 10. cxd4 Bb6 11. Bg5 Bg4 12. d5 Ne5 13. Nbd2 Ba5 14. Re2 h6 15.
Bh4 Ng6 16. Bg3 Bxd2 17. Qxd2 Bxf3 18. gxf3 Ne5 19. Kg2 Nh5 20. Rg1 Qf6 21. f4
Ng6 22. f5 Nh4+ 23. Bxh4 Qxh4 24. Kh1 Re5 25. f3 Kh7 26. Reg2 Rg8 27. Rg4 Qh3
28. Qg2 Qxg2+ 29. R1xg2 g5 30. fxg6+ fxg6 31. f4 Re7 32. e5 dxe5 33. Bxg6+ Rxg6
34. Rxg6 Nxf4 35. R6g4 Nxg2 36. Rxg2 Rd7 37. Rc2 e4 38. Kg2 Kg6 39. Kf2 Rxd5
40. Ke3 Kf5 41. Rxc7 Rd3+ 42. Ke2 1/2-1/2

[Event "DVM U14 2012"]
[Site "Magdeburg GER"]
[Date "2012.12.27"]
[Round "2"]
[White "Nicolai, Tim"]
[Black "Bykov, Ilya"]
[Result "1/2-1/2"]
[Termination "normal"]
[Board "10.1"]
[WhiteElo "1647"]
[BlackElo "1683"]
[WhiteTeam "SV Empor Erfurt"]
[BlackTeam "Karlsruher SF 1853"]
[WhiteFideId "12964930"]
[BlackFideId "12918059"]
[EventCountry "GER"]
[EventRounds "7"]
[EventType "team-swiss"]
[EventDate "2012.12.26"]

1. e4 Nf6 2. e5 Nd5 3. c4 Nb6 4. d4 d6 5. exd6 cxd6 6. Nc3 g6 7. Be3 Bg7 8. h3
Nc6 9. Nf3 Bf5 10. Be2 Rc8 11. Rc1 O-O 12. O-O Na5 13. b3 d5 14. c5 Na8 15. Qd2
b6 16. Ba6 Rc6 17. Bb5 Rc8 18. Ba6 Rc6 19. Bb5 Rc8 20. Ba6 Rc6 21. Bb5 1/2-1/2

[Event "DVM U14 2012"]
[Site "Magdeburg GER"]
[Date "2012.12.27"]
[Round "2"]
[White "Wiesner, Alexander"]
[Black "Allin, Alexander"]
[Result "1-0"]
[Termination "normal"]
[Board "10.2"]
[WhiteElo "1638"]
[BlackElo "1448"]
[WhiteTeam "Karlsruher SF 1853"]
[BlackTeam "SV Empor Erfurt"]
[WhiteFideId "12943991"]
[BlackFideId "12903698"]
[EventCountry "GER"]
[EventRounds "7"]
[EventType "team-swiss"]
[EventDate "2012.12.26"]

1. e4 e5 2. Nf3 Nc6 3. d4 exd4 4. Nxd4 Bc5 5. Be3 Bb6 6. Bc4 Qe7 7. Nc3 d6 8.
O-O Nf6 9. Re1 O-O 10. f3 h6 11. Qd2 Kh7 12. Re2 Nxd4 13. Bxd4 Be6 14. Bxe6
Qxe6 15. Rae1 Nd7 16. Bxb6 axb6 17. a3 f6 18. Nb5 Qc4 19. Qd3 Qc5+ 20. Kh1 Ne5
21. Qd5 c6 22. Qxc5 dxc5 23. Nc3 Rfd8 24. a4 Rd7 25. b3 Rad8 26. f4 Ng6 27. g3
Rd2 28. Rxd2 Rxd2 29. Re2 Rxe2 30. Nxe2 Kg8 31. Kg2 Kf7 32. Nc1 Ke7 33. Nd3 Kd6
34. Kf3 b5 35. c4 bxa4 36. bxa4 b6 37. Ke3 Nf8 38. e5+ Ke6 39. Ke4 fxe5 40.
Nxe5 Kd6 41. Kf5 Nd7 42. Nf7+ Kc7 43. Kg6 b5 44. axb5 cxb5 45. cxb5 c4 46. b6+
Kxb6 47. Nd6 Kc5 48. Nxc4 Kxc4 49. Kxg7 h5 50. Kg6 1-0

[Event "DVM U14 2012"]
[Site "Magdeburg GER"]
[Date "2012.12.27"]
[Round "2"]
[White "Sommer, Jan"]
[Black "Joeres, Roman"]
[Result "1/2-1/2"]
[Termination "normal"]
[Board "10.3"]
[WhiteElo "1684"]
[BlackElo "1301"]
[WhiteTeam "SV Empor Erfurt"]
[BlackTeam "Karlsruher SF 1853"]
[WhiteFideId "24690090"]
[BlackFideId "12964816"]
[EventCountry "GER"]
[EventRounds "7"]
[EventType "team-swiss"]
[EventDate "2012.12.26"]

1. e4 e6 2. d4 d5 3. exd5 exd5 4. Bd3 Nc6 5. c3 Nf6 6. Bg5 Be7 7. h3 O-O 8. Nf3
Ne4 9. Bxe7 Qxe7 10. O-O Ng5 11. Nbd2 b6 12. Re1 Qf6 13. Nxg5 Qxg5 14. Nf3 Qf6
15. Ne5 Nxe5 16. Rxe5 Bd7 17. Rxd5 Be6 18. Re5 Rae8 19. Qe2 Bd7 20. Re1 Rxe5
21. Qxe5 Qxe5 22. Rxe5 Re8 23. f4 f6 24. Rxe8+ Bxe8 25. Kf2 h6 26. Ke3 Kf7 27.
d5 c5 28. Ke4 Ke7 29. b3 g6 30. g4 Kd6 31. c4 a6 32. a4 a5 33. h4 Bf7 34. Be2
Be8 35. h5 gxh5 36. gxh5 Bd7 37. Kf3 f5 38. Kg3 1/2-1/2

[Event "DVM U14 2012"]
[Site "Magdeburg GER"]
[Date "2012.12.28"]
[Round "3"]
[White "Sabirov, Ramil"]
[Black "Greßmann, Moritz"]
[Result "1/2-1/2"]
[Termination "normal"]
[Board "1.1"]
[WhiteElo "1877"]
[BlackElo "1853"]
[WhiteTeam "SG Porz"]
[BlackTeam "BSV 63 Chemie Weißensee"]
[WhiteFideId "12900303"]
[BlackFideId "24695084"]
[EventCountry "GER"]
[EventRounds "7"]
[EventType "team-swiss"]
[EventDate "2012.12.26"]

1. g3 e5 2. Bg2 d5 3. d3 c6 4. Nd2 Bd6 5. Ngf3 Nf6 6. e4 O-O 7. O-O Na6 8. Re1
Re8 9. a3 Nc7 10. c3 Bg4 11. Qc2 a5 12. b3 b5 13. Bb2 Ra6 14. Rad1 Nd7 15. d4
f6 16. c4 exd4 17. cxd5 c5 18. h3 Bh5 19. a4 bxa4 20. bxa4 Nb6 21. Ba3 Qe7 22.
Rc1 Nd7 23. Nc4 Bxf3 24. Bxf3 Ne5 25. Bg2 d3 26. Qd2 Nxc4 27. Rxc4 Nxd5 28.
Qxd3 Nb4 29. Bxb4 cxb4 30. Rd4 Rb6 31. Rd1 Be5 32. Rd7 Qc5 33. Qb3+ Kh8 34. Qf7
Qf8 35. Qb3 Qc5 36. Rd8 Rb8 37. R8d3 Qb6 38. h4 Red8 39. Bh3 Rxd3 40. Rxd3 Rd8
41. Rxd8+ Qxd8 42. Qc4 g6 43. Be6 Kg7 44. Kg2 Qc7 45. Qd5 Qd6 46. Qb7+ Qc7 47.
Qa8 Qb8 48. Qxa5 b3 49. Qb5 Qxb5 50. axb5 b2 51. Ba2 Kf8 52. f4 Bd4 53. g4 Ke7
54. g5 Kd7 55. Kf3 Kc7 56. Bb1 Kb6 57. Bd3 b1=Q 58. Bxb1 Kxb5 59. Ba2 fxg5 60.
hxg5 Bg7 61. Bg8 h6 62. Bf7 hxg5 63. fxg5 Kc5 64. Kf4 Kd6 65. Bxg6 Ke6 66. Bf5+
Kf7 67. e5 Ke7 68. Bg4 Kf7 69. Kf5 Bf8 70. Bf3 Bg7 71. Bd5+ Ke7 72. e6 Bc3 73.
Kg6 Bd2 74. Kh5 Bc3 75. Kh6 Bd2 76. Kg6 Bc1 77. Kh5 Bb2 78. g6 Bg7 79. Kg5 Kd6
80. Kf5 Ke7 81. Ke4 Bf6 1/2-1/2

[Event "DVM U14 2012"]
[Site "Magdeburg GER"]
[Date "2012.12.28"]
[Round "3"]
[White "Donath, Johann"]
[Black "Fieberg, Samuel"]
[Result "1-0"]
[Termination "normal"]
[Board "1.2"]
[WhiteElo "1908"]
[BlackElo "1907"]
[WhiteTeam "BSV 63 Chemie Weißensee"]
[BlackTeam "SG Porz"]
[WhiteFideId "24685160"]
[BlackFideId "12901717"]
[EventCountry "GER"]
[EventRounds "7"]
[EventType "team-swiss"]
[EventDate "2012.12.26"]

1. e4 c5 2. c3 Nf6 3. e5 Nd5 4. Nf3 Nc6 5. Bc4 Nb6 6. Bb3 d5 7. d4 cxd4 8. cxd4
Bg4 9. Be3 Na5 10. Bc2 Nac4 11. b3 Nxe3 12. fxe3 e6 13. O-O Be7 14. Nbd2 O-O
15. Qe2 Rc8 16. Bd3 Ba3 17. Rfd1 a6 18. Nf1 Bh5 19. e4 Bxf3 20. Qxf3 Bb2 21.
Rab1 Bxd4+ 22. Kh1 Qh4 23. g3 Qe7 24. exd5 exd5 25. Bxh7+ Kxh7 26. Qd3+ g6 27.
Qxd4 Qe6 28. Rbc1 Rxc1 29. Rxc1 Rc8 30. Rxc8 Nxc8 31. Nd2 Ne7 32. Nf3 Kg7 33.
Kg2 Nf5 34. Qf4 Qc6 35. g4 Nh6 36. Qf6+ Kg8 37. Kg3 Qd7 38. h3 d4 39. e6 Qxe6
40. Qxe6 fxe6 41. Nxd4 Kf7 42. Kf4 Ng8 43. Ke5 Ne7 44. Nxe6 Nc6+ 45. Kd6 Nb4
46. a4 Nc6 47. Nc5 Na5 48. Kc7 b5 49. axb5 axb5 50. Kb6 Nxb3 51. Nxb3 Kf6 52.
Kxb5 Kg5 53. Nd4 Kh4 54. Ne6 Kxh3 55. g5 Kg4 56. Kc6 Kf5 57. Kd7 1-0

[Event "DVM U14 2012"]
[Site "Magdeburg GER"]
[Date "2012.12.28"]
[Round "3"]
[White "Brungs, Sven"]
[Black "Koch, Elisabeth"]
[Result "0-1"]
[Termination "normal"]
[Board "1.3"]
[WhiteElo "1921"]
[BlackElo "1690"]
[WhiteTeam "SG Porz"]
[BlackTeam "BSV 63 Chemie Weißensee"]
[WhiteFideId "12946257"]
[BlackFideId "24695068"]
[EventCountry "GER"]
[EventRounds "7"]
[EventType "team-swiss"]
[EventDate "2012.12.26"]

1. d4 Nf6 2. Nf3 d5 3. c4 e6 4. Nc3 Be7 5. Bg5 h6 6. Bh4 O-O 7. e3 b6 8. Be2
Bb7 9. O-O c5 10. Rc1 Nbd7 11. cxd5 exd5 12. dxc5 bxc5 13. Qb3 Qb6 14. Bb5 Rfd8
15. Rfd1 Ba6 16. Ba4 Qxb3 17. Bxb3 Nb6 18. Ne2 Rac8 19. Ne5 g5 20. Bg3 Ne4 21.
h3 Bf6 22. Ng4 Bg7 23. Rb1 h5 24. Nh2 h4 25. Bxh4 gxh4 26. Nf3 Bf6 27. Nf4 Ng5
28. Nh2 Ne6 29. Nh5 Be7 30. Ng4 Ng7 31. Nf4 Bg5 32. Re1 Na8 33. Rbc1 c4 34. Bd1
d4 35. Ne5 Re8 36. Ng4 d3 37. Rc3 f5 38. Ba4 Re7 39. Ng6 Re6 40. Nxh4 fxg4 41.
Bd7 Bxh4 42. Bxc8 Bxc8 43. Rxc4 Nb6 44. Rxg4 Bf6 45. Rd1 Rd6 46. Rb4 Be6 47. b3
d2 48. Kf1 Bb2 49. Ke2 Bc1 50. Rd4 Rxd4 51. exd4 Bd5 52. g4 Ne6 53. Rxd2 Bxd2
54. Kxd2 Nxd4 55. Kc3 Nf3 56. Kb4 Bb7 57. Ka5 Nd5 58. b4 Nd4 59. a3 Kf7 60. f4
Kg6 61. h4 Nc3 62. g5 Nd5 63. f5+ Kxf5 64. b5 Nxb5 65. h5 Nd4 66. h6 Kg6 67.
Ka4 Bc6+ 68. Ka5 Bb5 0-1

[Event "DVM U14 2012"]
[Site "Magdeburg GER"]
[Date "2012.12.28"]
[Round "3"]
[White "Heinemann, Josefine"]
[Black "Flüchter, Gregor"]
[Result "0-1"]
[Termination "normal"]
[Board "2.1"]
[WhiteElo "1902"]
[BlackElo "2007"]
[WhiteTeam "USC Magdeburg"]
[BlackTeam "Schachfreunde Brackel 1930"]
[WhiteFideId "12900460"]
[BlackFideId "12903396"]
[EventCountry "GER"]
[EventRounds "7"]
[EventType "team-swiss"]
[EventDate "2012.12.26"]

1. e4 c5 2. Nf3 d6 3. d4 cxd4 4. Nxd4 Nf6 5. Nc3 a6 6. Be3 e5 7. Nb3 Be6 8. f3
Be7 9. Qd2 O-O 10. O-O-O Nbd7 11. g4 b5 12. Rg1 b4 13. Nd5 Bxd5 14. exd5 Nb6
15. Na5 Nfxd5 16. Nc6 Qc7 17. Nxe7+ Qxe7 18. Bxb6 Nxb6 19. Qxd6 Qg5+ 20. Qd2
Qe7 21. Bd3 a5 22. Qe3 Qc7 23. Rg3 f6 24. Rh3 g6 25. Rh6 Nd5 26. Qf2 Nf4 27. h4
Rad8 28. Kb1 Rd4 29. h5 Qg7 30. g5 fxg5 31. Qe3 Qxh6 32. Qxe5 Qg7 0-1

[Event "DVM U14 2012"]
[Site "Magdeburg GER"]
[Date "2012.12.28"]
[Round "3"]
[White "Birnkraut, Tim"]
[Black "Geue, Niklas"]
[Result "1-0"]
[Termination "normal"]
[Board "2.2"]
[WhiteElo "1768"]
[BlackElo "1531"]
[WhiteTeam "Schachfreunde Brackel 1930"]
[BlackTeam "USC Magdeburg"]
[WhiteFideId "24609587"]
[BlackFideId "12961043"]
[EventCountry "GER"]
[EventRounds "7"]
[EventType "team-swiss"]
[EventDate "2012.12.26"]

1. e4 e6 2. d4 d5 3. Nd2 dxe4 4. Nxe4 Nd7 5. Nf3 Ngf6 6. Ng3 c5 7. Be3 Qb6 8.
b3 Nd5 9. dxc5 Bxc5 10. Bxc5 Qxc5 11. Bc4 Qa5+ 12. Qd2 Qxd2+ 13. Kxd2 N5b6 14.
Bb5 a6 15. Be2 O-O 16. Rad1 Nf6 17. Kc1 Nbd5 18. Kb2 Nf4 19. Bf1 Bd7 20. Ne5
Rfd8 21. Nxd7 Rxd7 22. Rxd7 Nxd7 23. Ne2 Nxe2 24. Bxe2 Kf8 25. Rd1 Rd8 26. Bf3
b6 27. Be2 a5 28. Ka3 Ke7 29. Ka4 Rc8 30. c4 Rc6 31. Bf3 Rd6 32. Kb5 Rxd1 33.
Bxd1 Kd6 34. b4 axb4 35. Kxb4 Nc5 36. Bc2 h5 37. Kb5 Kc7 38. a4 Nd7 39. Be4 Nb8
40. c5 bxc5 41. a5 f5 42. Bf3 c4 43. Kxc4 Nc6 44. Bxc6 Kxc6 45. Kd4 Kb5 46. Ke5
Kxa5 47. Kxe6 f4 48. Kf5 Kb5 49. Kxf4 Kc5 50. Kg5 Kd5 51. Kxh5 1-0

[Event "DVM U14 2012"]
[Site "Magdeburg GER"]
[Date "2012.12.28"]
[Round "3"]
[White "Fahsel, Nico"]
[Black "Wastian, Jan"]
[Result "1-0"]
[Termination "normal"]
[Board "2.3"]
[WhiteElo "1499"]
[BlackElo "1616"]
[WhiteTeam "USC Magdeburg"]
[BlackTeam "Schachfreunde Brackel 1930"]
[WhiteFideId "1270256"]
[BlackFideId "12911640"]
[EventCountry "GER"]
[EventRounds "7"]
[EventType "team-swiss"]
[EventDate "2012.12.26"]

1. d4 d5 2. Nf3 Nf6 3. c4 c6 4. e3 e6 5. Nc3 Nbd7 6. Bd3 dxc4 7. Bxc4 b5 8. Bd3
Bb7 9. Bd2 a6 10. a4 Bd6 11. axb5 cxb5 12. e4 b4 13. e5 bxc3 14. Bxc3 Be7 15.
Ba5 Qb8 16. exf6 Bxf6 17. Qa4 Bxf3 18. gxf3 Ra7 19. Bc3 O-O 20. Qc6 Rc8 21. Qe4
Nf8 22. O-O Qd6 23. Kh1 Rd8 24. Ra4 Ng6 25. Rd1 Qd7 26. Rxa6 Rxa6 27. Bxa6 e5
28. d5 Qa7 29. Qe2 Nf4 30. Qf1 Rxd5 31. Rxd5 Nxd5 32. Qc4 Ne7 33. Qb5 g6 34.
Kg2 Qc7 35. Bb4 Nf5 36. Qe8+ Kg7 37. Bf8+ 1-0

[Event "DVM U14 2012"]
[Site "Magdeburg GER"]
[Date "2012.12.28"]
[Round "3"]
[White "Hlopotov, Nikita"]
[Black "Hoang, Viet Long"]
[Result "1-0"]
[Termination "normal"]
[Board "2.4"]
[WhiteElo "1314"]
[BlackElo "1438"]
[WhiteTeam "Schachfreunde Brackel 1930"]
[BlackTeam "USC Magdeburg"]
[WhiteFideId "12964794"]
[BlackFideId "12964824"]
[EventCountry "GER"]
[EventRounds "7"]
[EventType "team-swiss"]
[EventDate "2012.12.26"]

1. e4 e5 2. Nf3 Nc6 3. Bc4 Nf6 4. Ng5 d5 5. exd5 Na5 6. d3 Be7 7. h3 O-O 8. O-O
h6 9. Nf3 Bd6 10. Nc3 Re8 11. Bd2 Bf5 12. Nh4 Bh7 13. Nf3 Qe7 14. Re1 Nxc4 15.
dxc4 e4 16. Nh2 Bf5 17. Nb5 Bxh2+ 18. Kxh2 c6 19. dxc6 bxc6 20. Nc3 Rad8 21.
Kg1 Qc5 22. Qe2 Be6 23. b3 Qf5 24. Rad1 Bc8 25. Be3 Rxd1 26. Rxd1 Qg6 27. Kh1
Nh5 28. Qd2 Qf6 29. Qd4 a6 30. Nxe4 Qxd4 31. Rxd4 Bf5 32. Nd6 Re5 33. Nxf5 Rxf5
34. g4 Ra5 35. gxh5 Rxa2 36. Rd2 Kf8 37. Kg2 a5 38. c3 Ra3 39. Bc5+ 1-0